A verdade acerca da batalha da Jutlândia (Record no. 43907)

MARC details
000 -Etiqueta do registo
Valores 00496cam a22001811 4500
100 ## - Dados gerais de processamento
Dados gerais 19931006d1935 km y0pory5003 ba
101 1# - Língua de publicação
Língua por
102 ## - País de publicação
País PT
200 1# - Titulo e menção de responsabilidade
Título próprio A verdade acerca da batalha da Jutlândia
Primeira menção de responsabilidade J. E. T. Harper
Outras menções de responsabilidade trad. Abel Tirol
210 #9 - Publicação
Local de publicação Rio de Janeiro , Lisboa
Nome do editor Editorial Enciclopédia
Data de publicação [19--?]
215 ## - Descrição física 
Paginação / Volumes 225, [10] p.
675 ## - CDU
Notação 355.48
700 #1 - Autor principal
Apelido Harper,
Nome J. E. T.
702 #1 - Autor secundário
Apelido Tirol,
Nome Abel
Função 730
801 #0 - Fonte de origem
País PT
Agência BN
Regras de catalogação RPC
990 ## - Elementos KOHA
Tipo de documento Livro
Holdings
Aquisição Empréstimo Código de barras Cota Permissão de empréstimo Tipo de documento Nota relativa ao exemplar
Biblioteca Municipal de Redondo Biblioteca Municipal de Redondo 051608 355.48 HAR   Livro carimbo de posse de António Pires Ferreira de carvalho

Powered by Koha